Ley antilavado de dinero 2014 (Registro nro. 163229)
[ vista simple ]
| 000 -LEADER | |
|---|---|
| fixed length control field | 01180nam a22002657a 4500 |
| 007 - PHYSICAL DESCRIPTION FIXED FIELD--GENERAL INFORMATION | |
| fixed length control field | cr|||| |||| |
| 008 - FIXED-LENGTH DATA ELEMENTS--GENERAL INFORMATION | |
| fixed length control field | 140501s2014 mx |||||s|||| 00||0 spa d |
| 035 ## - | |
| -- | 12086 |
| 040 ## - CATALOGING SOURCE | |
| Original cataloging agency | vLex |
| 090 ## - | |
| -- | 4881 |
| -- | 4881 |
| 100 1# - MAIN ENTRY--PERSONAL NAME | |
| Personal name | Baltazar Mancilla, Manuel |
| 245 10 - TITLE STATEMENT | |
| Title | Ley antilavado de dinero 2014 |
| Medium | [Recurso electrónico] / |
| Statement of responsibility, etc | Manuel Baltazar Mancilla, Honoré A. Bornacini Hervella, Vicente Romero Said |
| 256 ## - | |
| -- | Servicio en línea |
| 260 ## - PUBLICATION, DISTRIBUTION, ETC. (IMPRINT) | |
| Place of publication, distribution, etc | México DF: |
| Name of publisher, distributor, etc | México Fiscal, |
| Date of publication, distribution, etc | 2014 |
| 300 ## - PHYSICAL DESCRIPTION | |
| Extent | 1 recurso electrónico |
| 506 1# - RESTRICTIONS ON ACCESS NOTE | |
| Terms governing access | Disponible solo en los productos indicados |
| Authorized users | vLex Global |
| -- | vLex Global (Academic Edition, excluding Law Schools) |
| -- | vLex Global (U.S. Academic Edition, Law Schools) |
| -- | vLex Global (U.S. Academic Edition, excluding Law Schools) |
| -- | vLex Global (Academic Edition, Law Schools) |
| 650 04 - SUBJECT ADDED ENTRY--TOPICAL TERM | |
| Topical term or geographic name as entry element | Derecho Fiscal |
| Geographic subdivision | México |
| 650 04 - SUBJECT ADDED ENTRY--TOPICAL TERM | |
| Topical term or geographic name as entry element | Lucha contra el fraude y la evasión fiscal |
| Geographic subdivision | México |
| 700 1# - ADDED ENTRY--PERSONAL NAME | |
| Personal name | Bornacini Hervella, Honoré A. |
| 700 1# - ADDED ENTRY--PERSONAL NAME | |
| Personal name | Romero Said, Vicente |
| 740 0# - | |
| -- | vLex Libros (Servicio en línea) |
| 856 40 - LOCALIZACIÓN Y ACCESO ELECTRÓNICO | |
| Identificador Uniforme del Recurso (URI/URL) | https://app.vlex.com/#/sources/ley-antilavado-de-dinero-2014-12086 |
| 942 ## - | |
| -- | RAA |
| 999 ## - | |
| -- | 163229 |
| -- | 163229 |
No hay ítems disponibles.